Magnetism, planetary rotation and convection in the solar system (Record no. 9211)

MARC details
000 -LEADER
fixed length control field 00689nam a2200193Ia 4500
003 - CONTROL NUMBER IDENTIFIER
control field IN-BaIIA
008 - FIXED-LENGTH DATA ELEMENTS--GENERAL INFORMATION
fixed length control field 211028s9999 xx 000 0 eng d
020 ## - INTERNATIONAL STANDARD BOOK NUMBER
International Standard Book Number 90-227-2050-9
040 ## - CATALOGING SOURCE
Transcribing agency IIA Library
080 ## - UNIVERSAL DECIMAL CLASSIFICATION NUMBER
Universal Decimal Classification number 550.38
Item number MAG
245 #0 - TITLE STATEMENT
Title Magnetism, planetary rotation and convection in the solar system
Remainder of title retrospect and prospect in honour of Prof. S. K. Runcorn
Statement of responsibility, etc. edited by W. O'Reilly
260 ## - PUBLICATION, DISTRIBUTION, ETC.
Place of publication, distribution, etc. Dordrecht
Name of publisher, distributor, etc. D. Reidel Publishing
Date of publication, distribution, etc. 1985
300 ## - PHYSICAL DESCRIPTION
Extent xiv, 255p.
650 ## - SUBJECT ADDED ENTRY--TOPICAL TERM
Topical term or geographic name entry element Astronomy and astrophysics thesaurus
650 ## - SUBJECT ADDED ENTRY--TOPICAL TERM
Topical term or geographic name entry element Magnetism
9 (RLIN) 56
650 ## - SUBJECT ADDED ENTRY--TOPICAL TERM
Topical term or geographic name entry element Solar magnetism rotation
9 (RLIN) 15473
700 ## - ADDED ENTRY--PERSONAL NAME
Personal name O'Reilly, W .,ed.
9 (RLIN) 15474
942 ## - ADDED ENTRY ELEMENTS (KOHA)
Koha item type Books
Holdings
Withdrawn status Lost status Damaged status Not for loan Home library Current library Shelving location Date acquired Cost, normal purchase price Total Checkouts Full call number Barcode Date last seen Cost, replacement price Price effective from Koha item type Purchase Price
        IIA Library-Bangalore IIA Library-Bangalore General Stacks   1155.00   550.38/ MAG 10117 05/11/2021 1155.00   Books Rs. 1155

Powered by Koha